<?xml version="1.0" encoding="UTF-8"?>
<record
    xmlns:xsi="http://www.w3.org/2001/XMLSchema-instance"
    xsi:schemaLocation="http://www.loc.gov/MARC21/slim http://www.loc.gov/standards/marcxml/schema/MARC21slim.xsd"
    xmlns="http://www.loc.gov/MARC21/slim">

  <leader>01786nam a2200349uu 4500</leader>
  <controlfield tag="001">1438418</controlfield>
  <controlfield tag="005">20260508090519.0</controlfield>
  <controlfield tag="008">160413s2016                        spa  </controlfield>
  <datafield tag="035" ind1=" " ind2=" ">
    <subfield code="a">1438418</subfield>
  </datafield>
  <datafield tag="040" ind1=" " ind2=" ">
    <subfield code="c">comduadb</subfield>
  </datafield>
  <datafield tag="041" ind1=" " ind2=" ">
    <subfield code="a">spa</subfield>
  </datafield>
  <datafield tag="080" ind1=" " ind2=" ">
    <subfield code="a">W</subfield>
  </datafield>
  <datafield tag="100" ind1="1" ind2="0">
    <subfield code="a">Espinosa Yepes, Gustavo Adolfo</subfield>
    <subfield code="4">aut</subfield>
    <subfield code="e">aut</subfield>
    <subfield code="9">726277</subfield>
  </datafield>
  <datafield tag="245" ind1="1" ind2="0">
    <subfield code="a">Atenci&#xF3;n primaria en salud con gesti&#xF3;n del riesgo familiar (APS con GRF). ESE Hospital Santa Margarita. Municipio de Copacabana, 2012-2015</subfield>
  </datafield>
  <datafield tag="260" ind1=" " ind2=" ">
    <subfield code="a">Copacabana (Antioquia) :</subfield>
    <subfield code="b">Municipio de Copacabana,</subfield>
    <subfield code="c">2016.</subfield>
  </datafield>
  <datafield tag="300" ind1=" " ind2=" ">
    <subfield code="a">46 p&#xE1;ginas :</subfield>
    <subfield code="b">figuras, tablas</subfield>
  </datafield>
  <datafield tag="505" ind1=" " ind2=" ">
    <subfield code="a">CONTENIDO : Introducci&#xF3;n. -- Objetivos. -- Pol&#xED;tica de gesti&#xF3;n del riesgo. -- Metodolog&#xED;a utilizada. -- Estrategia de atenci&#xF3;n primaria en salud con gesti&#xF3;n del riesgo familiar, municipio de Copacabana. -- Estado actual de la estrategia. -- Contextualizaci&#xF3;n familias intervenidas por APS con GRF 2012-2015. -- Acciones realizadas. -- Cobertura. -- Evento en salud p&#xFA;blica. -- Indicadores en poblaci&#xF3;n capitada. -- Conclusi&#xF3;n. -- Agradecimientos. -- Bibliograf&#xED;a.</subfield>
  </datafield>
  <datafield tag="650" ind1=" " ind2=" ">
    <subfield code="a">Atenci&#xF3;n primaria de salud</subfield>
    <subfield code="9">121350</subfield>
  </datafield>
  <datafield tag="650" ind1=" " ind2=" ">
    <subfield code="a">Copacabana (Antioquia)</subfield>
    <subfield code="9">26438</subfield>
  </datafield>
  <datafield tag="650" ind1=" " ind2=" ">
    <subfield code="a">Gesti&#xF3;n del riesgo</subfield>
    <subfield code="9">196827</subfield>
  </datafield>
  <datafield tag="650" ind1=" " ind2=" ">
    <subfield code="a">Salud familiar</subfield>
    <subfield code="9">21769</subfield>
  </datafield>
  <datafield tag="650" ind1=" " ind2=" ">
    <subfield code="a">Viviendas saludables</subfield>
    <subfield code="9">146235</subfield>
  </datafield>
  <datafield tag="650" ind1=" " ind2="7">
    <subfield code="a">Promoci&#xF3;n de la salud</subfield>
    <subfield code="2">lemb</subfield>
    <subfield code="9">59985</subfield>
  </datafield>
  <datafield tag="650" ind1=" " ind2=" ">
    <subfield code="a">Participaci&#xF3;n comunitaria en salud</subfield>
    <subfield code="9">42978</subfield>
  </datafield>
  <datafield tag="650" ind1=" " ind2=" ">
    <subfield code="a">Neoplasias de la mama</subfield>
    <subfield code="9">60548</subfield>
  </datafield>
  <datafield tag="650" ind1=" " ind2=" ">
    <subfield code="a">Neoplasias del cuello uterino</subfield>
    <subfield code="9">55801</subfield>
  </datafield>
  <datafield tag="650" ind1=" " ind2="7">
    <subfield code="a">Disposici&#xF3;n de residuos</subfield>
    <subfield code="2">lemb</subfield>
    <subfield code="9">16364</subfield>
  </datafield>
  <datafield tag="700" ind1="1" ind2="0">
    <subfield code="a">V&#xE1;squez Jaramillo, M&#xF3;nica</subfield>
    <subfield code="4">aut</subfield>
    <subfield code="e">aut</subfield>
    <subfield code="9">562574</subfield>
  </datafield>
  <datafield tag="700" ind1="1" ind2="0">
    <subfield code="a">V&#xE9;lez Osorio, Fabi&#xE1;n Mauricio</subfield>
    <subfield code="4">aut</subfield>
    <subfield code="e">aut</subfield>
    <subfield code="9">688576</subfield>
  </datafield>
  <datafield tag="700" ind1="1" ind2="0">
    <subfield code="a">Gonz&#xE1;lez Su&#xE1;rez, Jessica Marcela</subfield>
    <subfield code="4">aut</subfield>
    <subfield code="e">aut</subfield>
    <subfield code="9">733970</subfield>
  </datafield>
  <datafield tag="942" ind1=" " ind2=" ">
    <subfield code="c">BOOK</subfield>
  </datafield>
  <datafield tag="999" ind1=" " ind2=" ">
    <subfield code="c">735176</subfield>
    <subfield code="d">735176</subfield>
  </datafield>
  <datafield tag="952" ind1=" " ind2=" ">
    <subfield code="0">0</subfield>
    <subfield code="1">0</subfield>
    <subfield code="4">0</subfield>
    <subfield code="7">0</subfield>
    <subfield code="8">GENERAL</subfield>
    <subfield code="a">BSP</subfield>
    <subfield code="b">BSP</subfield>
    <subfield code="d">2016-04-13</subfield>
    <subfield code="e">Material adquirido por donaci&#xF3;n</subfield>
    <subfield code="i">C1242944</subfield>
    <subfield code="l">1</subfield>
    <subfield code="o">W84.6 E8-16</subfield>
    <subfield code="p">01013936</subfield>
    <subfield code="r">2023-08-31 00:00:00</subfield>
    <subfield code="s">2023-07-24</subfield>
    <subfield code="t">1</subfield>
    <subfield code="w">2023-05-03</subfield>
    <subfield code="y">BOOK</subfield>
  </datafield>
  <datafield tag="952" ind1=" " ind2=" ">
    <subfield code="0">0</subfield>
    <subfield code="1">0</subfield>
    <subfield code="4">0</subfield>
    <subfield code="7">0</subfield>
    <subfield code="8">GENERAL</subfield>
    <subfield code="a">BSP</subfield>
    <subfield code="b">BSP</subfield>
    <subfield code="d">2016-04-20</subfield>
    <subfield code="e">Material adquirido por donaci&#xF3;n</subfield>
    <subfield code="i">C1243196</subfield>
    <subfield code="l">0</subfield>
    <subfield code="o">W84.6 E8-16 e2</subfield>
    <subfield code="p">01013723</subfield>
    <subfield code="r">2023-05-03 00:00:00</subfield>
    <subfield code="t">2</subfield>
    <subfield code="w">2023-05-03</subfield>
    <subfield code="y">BOOK</subfield>
  </datafield>
</record>
